000
00286nam a2200121Ia 4500
005
20251222140112.0
008
251222s1900||||xx |||||||||||||| ||spa||
082
_a
129/P25
100
_a
Papp, Desiderio
245
0
_a
¿A Dónde va el Género Humano?:
264
_b
Pleamar
942
_c
LIB
999
_c
4348
_d
4348